<?xml version="1.0" encoding="UTF-8"?>
<collection xmlns="http://www.loc.gov/MARC21/slim">
 <record>
  <leader>04851nam a2200313 a 4500</leader>
  <controlfield tag="001">kal2407</controlfield>
  <controlfield tag="003">Gr-AtHEAL</controlfield>
  <controlfield tag="005">20160422071217.0</controlfield>
  <controlfield tag="006">m        d        </controlfield>
  <controlfield tag="008">160413s2015    gr      s           gre|c</controlfield>
  <datafield tag="020" ind1=" " ind2=" ">
   <subfield code="a">9789606030512</subfield>
  </datafield>
  <datafield tag="040" ind1=" " ind2=" ">
   <subfield code="a">GR-AtHEAL</subfield>
   <subfield code="b">gre</subfield>
   <subfield code="c">GR-AtHEAL</subfield>
  </datafield>
  <datafield tag="082" ind1="0" ind2="4">
   <subfield code="a">616</subfield>
   <subfield code="2">23</subfield>
  </datafield>
  <datafield tag="100" ind1="1" ind2=" ">
   <subfield code="a">Φραγκοράπτης, Ελευθέριος.</subfield>
   <subfield code="8">458</subfield>
  </datafield>
  <datafield tag="245" ind1="1" ind2="0">
   <subfield code="a">Φυσικοθεραπεία σε βλάβες του περιφερικού νευρικού συστήματος</subfield>
   <subfield code="h">[Ηλεκτρονικός πόρος] </subfield>
   <subfield code="b">Εφαρμογή φυσικοθεραπευτικών μέσων και μεθόδων</subfield>
   <subfield code="c">Φραγκοράπτης, Ελευθέριος ; Κριτικός αναγνώστης,Χριστάρα-Παπαδοπούλου, Αλεξάνδρα ; Γραφιστική επιμέλεια,Σταρτσένκο, Ιουλία ; Γλωσσική επιμέλεια,Μπίσμπα, Άννα.</subfield>
  </datafield>
  <datafield tag="260" ind1=" " ind2=" ">
   <subfield code="a">Αθήνα :</subfield>
   <subfield code="b">Σύνδεσμος Ελληνικών Ακαδημαϊκών Βιβλιοθηκών,</subfield>
   <subfield code="c">c2015.</subfield>
  </datafield>
  <datafield tag="490" ind1=" " ind2=" ">
   <subfield code="a">Ακαδημαϊκά Ηλεκτρονικά Συγγράμματα και Βοηθήματα Κάλλιπος</subfield>
   <subfield code="8">40</subfield>
  </datafield>
  <datafield tag="520" ind1=" " ind2=" ">
   <subfield code="a">To Σύγγραμμα αυτό αναφέρεται στη Φυσικοθεραπευτική αντιμετώπιση παθήσεων και κακώσεων του Περιφερικού Νευρικού Συστήματος. Αποτελείται από 10 κεφάλαια στα οποία περιγράφονται:Στοιχεία ανατομίας και παθοφυσιολογίας, τόσο του κεντρικού όσο και του περιφερικού νευρικού συστήματος. Οι παθολογοανατομικές αλλοιώσεις στις περιφερικές νευροπάθειες.Ο έλεγχος και η αξιολόγηση ασθενών με περιφερική νευροπάθεια.Η ιατρική αντιμετώπιση των περιφερικών νευροπαθειών.Οι στόχοι των φυσικοθεραπευτικών μέσων και μεθόδων.Συστήνονται τρόποι φυσικοθεραπευτικής αξιολόγησης του ασθενή, καθώς και οι μέθοδοι και τα μέσα φυσικοθεραπευτικής αντιμετώπισης σε καθεμιά περίπτωση ξεχωριστά. Γίνεται αναλυτική περιγραφή της φυσικοθεραπευτικής αντιμετώπισης βλαβών των κυριότερων νεύρων και νευρικών πλεγμάτων, όπως: Βλάβες του προσωπικού και του τριδύμου νεύρου, βλάβες του αυχενικού και βραχιονίου πλέγματος. Γίνεται πλήρης περιγραφή της κλινικής εικόνας, των αιτίων και της φυσικοθεραπευτικής αντιμετώπισης της μαιευτικής παράλυσης (βλάβης του βραχιονίου πλέγματος κατά τον τοκετό), επίσης όλων των νεύρων που εκπορεύονται από το αυχενικό και βραχιόνιο πλέγμα. Περιγράφονται οι βλάβες του οσφυϊκού και ιερού πλέγματος, καθώς και όλων των μεμονωμένων νεύρων των κάτω άκρων (ανατομική, παθολογοφυσιολογική περιγραφή, αίτια βλάβης, φυσικοθεραπευτική προσέγγιση, αξιολόγηση και αντιμετώπιση για κάθε νεύρο ξεχωριστά). Τέλος, παρατίθεται ελληνική και ξένη βιβλιογραφία καθώς και ευρετήριο ιατρικών όρων και λέξεων.</subfield>
  </datafield>
  <datafield tag="650" ind1=" " ind2="0">
   <subfield code="a">Nerves, peripheral </subfield>
   <subfield code="x">Wounds and injuries</subfield>
   <subfield code="8">2144</subfield>
  </datafield>
  <datafield tag="650" ind1=" " ind2="0">
   <subfield code="a">Physical therapy</subfield>
   <subfield code="8">2040</subfield>
  </datafield>
  <datafield tag="653" ind1=" " ind2=" ">
   <subfield code="a">Φυσικοθεραπεία</subfield>
  </datafield>
  <datafield tag="653" ind1=" " ind2=" ">
   <subfield code="a">Κακώσεις περιφερικών νεύρων</subfield>
  </datafield>
  <datafield tag="653" ind1=" " ind2=" ">
   <subfield code="a">Επιστήμες της ζωής</subfield>
   <subfield code="a">Φυσική ανθρωπολογία</subfield>
   <subfield code="a">Ανατομία του ανθρώπου</subfield>
  </datafield>
  <datafield tag="700" ind1="1" ind2=" ">
   <subfield code="a">Χριστάρα-Παπαδοπούλου, Αλεξάνδρα</subfield>
   <subfield code="e">Κριτικός αναγνώστης</subfield>
   <subfield code="8">459</subfield>
  </datafield>
  <datafield tag="856" ind1="4" ind2="0">
   <subfield code="u">http://hdl.handle.net/11419/2407</subfield>
   <subfield code="z">Πλήρες Κείμενο - Full text</subfield>
  </datafield>
  <datafield tag="907" ind1=" " ind2=" ">
   <subfield code="a">.b25680110</subfield>
   <subfield code="b">12-06-18</subfield>
   <subfield code="c">29-07-16</subfield>
  </datafield>
  <datafield tag="949" ind1=" " ind2=" ">
   <subfield code="0">0</subfield>
   <subfield code="1">0</subfield>
   <subfield code="2">ddc</subfield>
   <subfield code="4">0</subfield>
   <subfield code="6">616_000000000000000_ΦΡΑ</subfield>
   <subfield code="7">0</subfield>
   <subfield code="8">KALL</subfield>
   <subfield code="8">770</subfield>
   <subfield code="d">2016-04-13</subfield>
   <subfield code="r">2016-04-13</subfield>
   <subfield code="w">2016-04-13</subfield>
   <subfield code="z">616 ΦΡΑ</subfield>
   <subfield code="o">SEAB KALLIPOS</subfield>
  </datafield>
  <datafield tag="998" ind1=" " ind2=" ">
   <subfield code="a">80</subfield>
   <subfield code="a">01</subfield>
   <subfield code="a">02</subfield>
   <subfield code="a">03</subfield>
   <subfield code="a">04</subfield>
   <subfield code="a">05</subfield>
   <subfield code="a">06</subfield>
   <subfield code="a">07</subfield>
   <subfield code="a">08</subfield>
   <subfield code="a">09</subfield>
   <subfield code="a">10</subfield>
   <subfield code="a">11</subfield>
   <subfield code="a">12</subfield>
   <subfield code="a">13</subfield>
   <subfield code="a">14</subfield>
   <subfield code="a">15</subfield>
   <subfield code="a">16</subfield>
   <subfield code="a">17</subfield>
   <subfield code="a">18</subfield>
   <subfield code="a">19</subfield>
   <subfield code="a">20</subfield>
   <subfield code="a">21</subfield>
   <subfield code="a">22</subfield>
   <subfield code="a">23</subfield>
   <subfield code="a">24</subfield>
   <subfield code="a">25</subfield>
   <subfield code="a">26</subfield>
   <subfield code="b">16-05-17</subfield>
   <subfield code="c">m</subfield>
   <subfield code="d">z  </subfield>
   <subfield code="e">-</subfield>
   <subfield code="f">gre</subfield>
   <subfield code="g">gr </subfield>
   <subfield code="h">0</subfield>
  </datafield>
  <datafield tag="942" ind1=" " ind2=" ">
   <subfield code="2">ddc</subfield>
   <subfield code="c">KALLIPOS</subfield>
  </datafield>
 </record>
</collection>
